[Event "Asia-ch Amateur"]
[Site "Muscat"]
[Date "2022.10.02"]
[Round "5"]
[White "Al Zadjali, Abdul Rahman"]
[Black "Jaradat, Othman"]
[Result "1/2-1/2"]
[WhiteElo "1534"]
[BlackElo "1751"]
[PlyCount "158"]
[EventDate "2022.09.29"]
[EventType "swiss"]
[EventRounds "9"]
[EventCountry "OMN"]
[SourceTitle "CBM 210 Extra"]
[Source "ChessBase"]
[SourceDate "2022.11.30"]
[SourceVersion "1"]
[SourceVersionDate "2022.11.30"]
[SourceQuality "1"]

1. d4 e6 2. c4 d5 3. Nc3 Nf6 4. cxd5 exd5 5. Bg5 Be7 6. e3 c6 7. Bd3 0-0 8. Qc2 Nbd7 9. Nf3 Re8 10. 0-0 Nf8 11. Rab1 a5 12. a3 Ne4 13. Bxe7 Qxe7 14. Rfc1 Nxc3 15. Qxc3 Bg4 16. Nd2 Ng6 17. b4 axb4 18. axb4 Ra4 19. Qc5 Qg5 20. Qd6 Rxe3 21. fxe3 Qxe3+ 22. Kh1 Qxd2 23. Qd8+ Nf8 24. Bxh7+ Kxh7 25. Qh4+ Kg8 26. Qxg4 Rxb4 27. Rd1 Rxb1 28. Rxb1 Ne6 29. Rd1 Qf2 30. h4 b5 31. Ra1 g6 32. Rd1 b4 33. h5 g5 34. Qf3 Qxf3 35. gxf3 b3 36. Kg2 b2 37. Rb1 Nxd4 38. Rxb2 Ne6 39. Kg3 c5 40. Kg4 c4 41. Kf5 c3 42. Rb8+ Kg7 43. Rc8 d4 44. h6+ Kxh6 45. Kf6 Kh7 46. Kxf7 Nf4 47. Rc5 d3 48. Rxc3 d2 49. Rc2 Nd3 50. Rxd2 Ne5+ 51. Kf6 Nxf3 52. Rf2 g4 53. Kf5 Nh4+ 54. Kxg4 Ng6 55. Kg5 Kg7 56. Re2 Kf7 57. Rf2+ Kg7 58. Ra2 Kf7 59. Ra6 Ne7 60. Rd6 Nc8 61. Rh6 Ne7 62. Kf4 Ng6+ 63. Kf5 Ne7+ 64. Kg5 Ke8 65. Rh7 Kd8 66. Kf6 Nd5+ 67. Ke6 Nc7+ 68. Kd6 Ne8+ 69. Kc6 Nf6 70. Rg7 Ke8 71. Kd6 Kf8 72. Ra7 Ne8+ 73. Ke6 Ng7+ 74. Kf6 Ne8+ 75. Kg6 Nd6 76. Rd7 Ne8 77. Rf7+ Kg8 78. Rf1 Ng7 79. Rh1 Ne8 1/2-1/2

[Event "Asia-ch Amateur"]
[Site "Muscat"]
[Date "2022.09.30"]
[Round "2"]
[White "Al Darwashi, Usama"]
[Black "Jaradat, Othman"]
[Result "0-1"]
[WhiteElo "1489"]
[BlackElo "1751"]
[PlyCount "42"]
[EventDate "2022.09.29"]
[EventType "swiss"]
[EventRounds "9"]
[EventCountry "OMN"]
[SourceTitle "CBM 210 Extra"]
[Source "ChessBase"]
[SourceDate "2022.11.30"]
[SourceVersion "1"]
[SourceVersionDate "2022.11.30"]
[SourceQuality "1"]

1. d4 e6 2. c4 d5 3. Nf3 Nf6 4. g3 Be7 5. Bg2 dxc4 6. Qc2 b5 7. a4 c6 8. 0-0 Bb7 9. b3 cxb3 10. Qxb3 a6 11. Rd1 0-0 12. Bf4 Nbd7 13. Na3 Nb6 14. axb5 cxb5 15. Rac1 Nfd5 16. Rc2 Nxf4 17. gxf4 Qd6 18. Nxb5 axb5 19. Qxb5 Be4 20. Rc5 Rfb8 21. e3 Nd7 0-1